Normal view MARC view
  • Calderón Canales, Reyna Elena

Entry Nombre Personal

Number of records used in: 1

001 - NUMERO DE CONTROL

  • campo de control: 50666

003 - IDENTIFICADOR DE NUMERO DE CONTROL

  • campo de control: MX-MxUPN

005 - FECHA Y HORA DE LA ÜLTIMA TRANSACCIÓN

  • campo de control: 20231122094654.0

008 - DATOS DE LONGITUD FIJA

  • campo de control de longitud fija: 231122|| aca||aabn | a|a d

040 ## - FUENTE DE CATALOGACIÓN

  • Agencia original de catalogación: MX-MxUPN
  • Lenguaje de catalogación: spa
  • Agencia de transcripción: MX-MxUPN

100 1# - ENCABEZAMIENTO - NOMBRE PERSONAL

  • Nombre personal: Calderón Canales, Reyna Elena

670 ## - FUENTE EN LA QUE SE LOCALIZARON DATOS

  • Cita de la fuente: Los colores y las sombras según la ciencia : primaria indígena ciclo II (3° y 4°), 2012:
  • Información localizada: portada (Reyna Elena Calderón Canales)

902 ## - CATALOGADOR

  • Catalogador: Víctor Ruiz/221123